000 00683nam a2200193Ia 4500
008 151119s9999||||xx |||||||||||||| ||und||
082 _a320.954
082 _bGKKV23221
100 _aपुरंदरे काकासाहेब
245 _aचाणाक्य नीती ते शरद नीती
260 _a--
260 _b--
260 _c2002
600 _aपुरंदरे काकासाहेब
630 _aचाणाक्य नीती ते शरद नीती
700 _aपुरंदरे काकासाहेब
730 _aचाणाक्य नीती ते शरद नीती
942 _cBOOK
999 _c1075886
_d1075883